000 00430nam a2200169Ia 4500
005 20250423094356.0
008 250422s9999 xx 000 0 und d
020 _a9788086057453
050 _aB 5321 .R48/
100 _aRettova, Alena
245 0 _aAfrophone philosophies: reality and challenge
260 _bZdenek Susa
260 _c2007
300 _a447 p
650 _aPhilosophy, African--21st century.
942 _cBK
999 _c27051
_d27051